000 00335nam a22001337a 4500
008 250704b |||||||| |||| 00| 0 eng d
020 _a0710080042
050 _aHD5650
_b.P66
100 _aPOOLE Michael
245 _aWorkers Participation in Industry
260 _aBoston
_bThe Trinity Press
_c1975
300 _aiv, 198p.
942 _cBK
999 _c4127
_d4127